Bệnh trầm cảm
Các kiến thức cơ bản về bệnh trầm cảm. Các nguyên nhân gây ra bệnh trầm cảm. Kiểm tra và chẩn đoán khi có triệu chứng bệnh. Xem xét sự nguy hại của bệnh trầm cảm và đưa ra cách phòng chống bệnh. Chăm sóc người bệnh khi mắc bệnh trầm...
Saved in:
| Main Author: | |
|---|---|
| Format: | Book |
| Language: | Undetermined |
| Published: |
Hà Nội
Nhà xuất bản Hà Nội
2005
|
| Subjects: | |
| Tags: |
Add Tag
No Tags, Be the first to tag this record!
|
| Institutions: | Trung tâm Học liệu Trường Đại học Cần Thơ |
|---|
| LEADER | 01029nam a2200205Ia 4500 | ||
|---|---|---|---|
| 001 | CTU_93659 | ||
| 008 | 210402s9999 xx 000 0 und d | ||
| 020 | |c 31000 | ||
| 082 | |a 616.8522 | ||
| 082 | |b Y106 | ||
| 100 | |a Yang, Xin | ||
| 245 | 0 | |a Bệnh trầm cảm | |
| 245 | 0 | |c Xin Yang; Hà Sơn dịch | |
| 260 | |a Hà Nội | ||
| 260 | |b Nhà xuất bản Hà Nội | ||
| 260 | |c 2005 | ||
| 520 | |a Các kiến thức cơ bản về bệnh trầm cảm. Các nguyên nhân gây ra bệnh trầm cảm. Kiểm tra và chẩn đoán khi có triệu chứng bệnh. Xem xét sự nguy hại của bệnh trầm cảm và đưa ra cách phòng chống bệnh. Chăm sóc người bệnh khi mắc bệnh trầm cảm | ||
| 650 | |a Mental disorders,Mental illness,Psychology,pathological | ||
| 904 | |i Trúc (sửa số phân loại 616.8522 thành 616.89)Tuyến chưa in nhãn | ||
| 980 | |a Trung tâm Học liệu Trường Đại học Cần Thơ | ||